| 000 | 00696nam a2200217 a 4500 | ||
|---|---|---|---|
| 001 | BRCA_3659 | ||
| 005 | 20190320204354.0 | ||
| 008 | 010909s1997----uk-a---###---#000-0#eng-# | ||
| 020 | _a0444828591 | ||
| 050 | 4 |
_aZ232.E5 _b.S35 1997 |
|
| 100 | 1 |
_aSchlüter, Lucy _99488 |
|
| 245 | 1 | 0 |
_aThe Elsevier Non Solus Imprint _cLucy Schlüter y Pierre Vinken. |
| 260 |
_aAmsterdam _bElsevier Science B. V. _c1997 |
||
| 300 |
_a33 p. _bil. _c22 cm. |
||
| 504 | _aBibliografía: p. 31-33 | ||
| 600 | 1 | 4 |
_aElsevier, Isaac _d1596-1651 _99489 |
| 650 | 1 | 4 |
_aFamilia Elsevier _99490 |
| 650 | 1 | 4 |
_aMarcas tipográficas _xHistoria _ySiglo XVII _zPaíses Bajos _99491 |
| 700 | 1 |
_aVinken, Pierre _99492 |
|
| 942 |
_2lcc _cB |
||
| 999 |
_c3391 _d3391 |
||